[Event "Szeged m"]
[Site "Szeged"]
[Date "2000.06.29"]
[Round "3"]
[White "Bacrot, Etienne"]
[Black "Almasi, Zoltan"]
[Result "0-1"]
[WhiteElo "2594"]
[BlackElo "2676"]
[Annotator "Lukacs,P"]
[PlyCount "44"]
[EventDate "2000.06.27"]
[EventType "match"]
[EventRounds "6"]
[EventCountry "HUN"]
[SourceTitle "CBM 078"]
[Source "ChessBase"]
[SourceDate "2000.10.18"]
[SourceVersion "1"]
[SourceVersionDate "2000.10.18"]
[SourceQuality "1"]

1. e4 e5 2. Nf3 Nc6 3. Bc4 Bc5 4. b4 Bb6 {This is the solid way of handling
the Evans Gambit.} (4... Bxb4 {is the real theoretical question.}) 5. a4 a6 6.
c3 Nf6 {Now we have transposed to the Italian game with b4.} 7. d3 d6 8. O-O
O-O 9. Re1 {[%mdl 32768]} (9. Nbd2 Ne7 {/\ Ng6} 10. Bb3 {/\ Nc4} (10. Re1 Ng4
$5 {with the standard Kh8 f5 idea.} (10... Ng6) 11. Re2 Kh8 {/\ f5} (11... d5
$6 {is not consistant here.} 12. exd5 Nxd5 13. Ne4 Bf5 14. Qc2 c6 15. h3 Ngf6
16. Ng3 Be6 17. a5 Ba7 18. Rxe5 $16 {Lazic-Lejlic/ Kladovo 1990})) 10... Ng6 (
10... c6 $5 11. d4 ({On} 11. Nc4 Bc7 {is Black's main idea with 10...c6} 12.
Bg5 (12. Re1 Ng6 13. Bb2 $6 {The B is not well-posted here.} Re8 14. Ne3 d5 15.
Qc2 Nf4 16. Rad1 Qe7 $36 {Werner-Svidler/ Oakham 1990}) 12... Ng6 13. Nh4 Nf4
$5 $13) 11... Bg4 (11... Ng6 $5 {is the consistant continuation.}) 12. dxe5 {
If White gives up the [+] he cannot claim any advantage.} dxe5 13. h3 Bh5 14.
g4 Bg6 15. Qe2 Qc7 16. Bc2 c5 17. Nc4 cxb4 18. cxb4 Nc6 19. Nxb6 Qxb6 20. Rb1
$11 {Spasov-Ziatdinov/ Niksic 1991}) 11. Nc4 Ba7 12. Be3 (12. Ra2 {is rather
useless here.} h6 13. Re1 Re8 14. h3 Be6 $11 {Ljubojevic-Furman/ Portoroz/
Ljubljana 1975}) (12. h3 h6 13. Re1 Bd7 14. Ra2 Re8 15. a5 Qe7 16. Ba4 {
1/2-1/2 Nunn-Byrne,R/ Baden 1980 (16)}) (12. a5 {White has some space
advantage on the <<, but this is not relevant. The important is the [+] and
the >>.} Re8 (12... h6) 13. Re1 h6 14. Ra2 Be6 15. Rd2 Nf4 16. Ne3 {(Lutz-Leko/
Cap d' Agde 1994)} Bc8 $1 $13) 12... Be6 13. Bxa7 Rxa7 14. Re1 Ra8 15. Ra2 h6
16. Rd2 (16. Na5 Bxb3 17. Qxb3 Qc8 18. h3 Nf4 19. Re3 N6h5 {and Black has some
|^ on the >> balancing White's pressure on the <<, Harding-Thorbergsson/ North
Atlantic Teams corr 1990-92.}) 16... Re8 {This is the standard central
strategy preparing for d5.} (16... Nh7 17. Ne3 Ng5 18. Nxg5 Qxg5 19. Bxe6 fxe6
20. Qg4 Qf6 21. g3 $14 {Ljubojevic-Hjartarson/ Linares 1989}) 17. Ne3 d5 $11) (
9. a5 Ba7 10. Re1 (10. Bb3 Ne7 11. h3 Ng6 12. Re1 h6 $11) 10... h6 11. h3 Nh5 {
/\ Qf6, Nf4 attacking >< h3 and g2.} 12. d4 Qf6 13. Be3 Nf4 14. Bf1 exd4 15.
Nxd4 Ne5 {Black has pressure on the dark squares.} 16. Kh2 c5 17. Nc2 Rd8 18.
g3 Nxh3 $1 19. Bxh3 Nf3+ 20. Kg2 Bxh3+ 21. Kxh3 Qe6+ 22. Kg2 Nxe1+ 23. Nxe1
Qxe4+ 24. Qf3 Qxf3+ $11 {Timoshenko-Jaracz/ MK Cafe Cup-A 1999}) (9. Bg5 Kh8 {
/\ Nh7} 10. Nbd2 Ne7 11. d4 (11. Bxf6 gxf6 {is not dangerous for Black,
because he can play f5 in time.}) 11... Ng6 12. dxe5 dxe5 13. Qb3 Qe7 14. Nh4
h6 15. Nxg6+ fxg6 16. Be3 Bxe3 17. fxe3 Rd8 18. Qc2 Be6 $11 {with doubled
pawns on both sides, Nun-Gretarsson/ Pardubice Czech op 1998.}) (9. Be3 Bxe3
10. fxe3 d5 {This is the typical equalizing method in these types of position.}
11. exd5 Nxd5 12. Qd2 Be6 13. Na3 Qe7 14. e4 Nb6 15. Bxe6 Qxe6 16. Nc2 Rad8 17.
Ne3 f6 18. a5 Nc8 19. Nd5 Qd7 20. Rad1 N6e7 $11 {eliminating the strong N,
Yermolinsky-Anand/ Madrid Magistral 1998.}) (9. Bb3 Ne7 10. a5 Ba7 11. h3 Ng6
12. Re1 c6 $1 (12... h6 13. d4 Re8 14. Bc2 Bd7 {This plan with the following
moves is usually dubious.} 15. Be3 Qc8 16. Nbd2 Kh8 17. Kh2 $16 {Sermek-Polgar,
S/ Ljubljana op 1994}) 13. Nbd2 (13. Bg5 h6) (13. d4 {is dubious because of}
exd4 $1 14. cxd4 d5 15. e5 Ne4 {with a very good Open Ruy Lopez for Black.} 16.
Bc2 Bf5 17. Ra3 f6 18. Nbd2 fxe5 19. Nxe4 Bxe4 20. Bxe4 dxe4 21. Rxe4 Qd5 22.
Qe1 exd4 23. Bb2 Rf4 $19 {Palkovi-Karolyi/ HUN-chT Zalaegerszeg 1998}) 13... d5
14. exd5 Nxd5 15. Ne4 (15. Nxe5 $2 Nxe5 16. Rxe5 Nxc3 $17) (15. Bxd5 Qxd5 $11)
15... Re8 $11 {and Black holds the [+].}) 9... h6 (9... Ne7 10. a5 Ba7 11. Bg5
{White wants to exploit the pin on the h4-d8 /^.} (11. Nbd2 {is similar to the
previous note.} Ng6 12. Nf1 h6 13. h3 Re8 14. Ng3 c6 15. d4 Be6 {1/2-1/2
Becerra Rivero-Arencibia/ Mondariz op 1996 (15)}) 11... Ng6 12. Nh4) 10. h3 (
10. Nbd2 Kh8 {Black is playing for f5.} (10... Ne7 11. Bb3 c6 12. a5 Ba7 {
- 9.Bb3 Ne7 10.a5 Ba7 11.h3 Ng6 12.R e1 c6}) 11. Nf1 Ng4 {This is the typical
reaction on R e1 if h3 hasn't been played.} 12. Ra2 f5 13. h3 fxe4 14. dxe4 Nf6
15. Ng3 Nh7 (15... Ne7 16. Nh4 Kh7 17. a5 Ba7 18. Be3 Bxe3 19. Rxe3 Qe8 {/\ Ng6
} 20. Rd2 Ng6 $13 {Nun-Arkhipov/ NRW-Liga 1992}) 16. Be3 Bxe3 17. Rxe3 Ng5 $11
{and Black has play on the dark squares, Armas-Zude/ BL 1989.}) (10. a5 Ba7 11.
h3 Ne7 12. Bb3 Ng6 13. d4 exd4 $5 (13... Qe7 14. Bc2 Bd7 15. Be3 exd4 16. Bxd4
Rfe8 $11 {Yudasin-Granda Zuniga/ Madrid 1992}) 14. cxd4 d5 15. e5 Ne4 16. Bc2
Bf5 $132) 10... Ne7 (10... Kh8 11. Ra2 Nh7 12. Be3 Bxe3 13. fxe3 f5 14. Rf1
fxe4 15. dxe4 Bd7 16. Raf2 Qe7 $11 {Ambroz-Honfi/ Reti mem Trnava 1982}) 11. d4
$6 {Now White's [+] will fall apart. This move needs thorough preparation here.
} (11. a5 Ba7 12. Nbd2 Ng6 13. Bb3 $11 {is similar to the 9.Nbd2 lines.}) 11...
exd4 12. a5 Ba7 13. cxd4 (13. Nxd4 {was the lesser evil.} d5 14. exd5 Nexd5 $11
) 13... d5 $1 (13... Nxe4 $2 14. Rxe4 d5 15. Rxe7 $1) 14. e5 (14. exd5 Nexd5
$15) 14... Ne4 15. Bd3 Bf5 {This is an ideal Open Ruy Lopez structure for
Black.} 16. Na3 (16. Be3 f6 17. Qb3 {looks better.}) 16... f6 $5 (16... c6 {
was also good and simple.}) 17. exf6 (17. Qb3 Kh8 18. Be3 Ng6 19. Rad1 c6 $15)
17... Rxf6 18. Be3 (18. b5 $5 axb5 $1 {This is the simple reaction.} (18... Nc3
{is only an adventureous move with the best piece.} 19. Qc2 Nxb5 (19... Bxd3
20. Qxd3 Ne4 (20... Nxb5 21. Nxb5 axb5 22. Qxb5 $13) 21. Rb1 $13) 20. Nxb5 axb5
21. Rxe7 $1 {Now immense complications will arise.} Rc6 $1 {This is Black's
answer on the challenge.} (21... Bxd3 22. Qxc7 Qxc7 23. Rxc7 Be4 24. Rxb7 Bxf3
25. gxf3 Bxd4 26. Ra2 $14) 22. Rxg7+ $1 {The battle is continuing!} (22. Qe2
Bxd3 23. Qe5 Rg6 24. Qxc7 Qxc7 25. Rxc7 Be4 $17) 22... Kxg7 23. Bxh6+ Kh8 (
23... Kxh6 24. Qd2+ Kg7 25. Bxf5 $44) 24. Qd2 Bxd3 25. Bg5 Qg8 26. Qxd3 Rg6 27.
Bf4 Rxg2+ 28. Kh1 Re8 29. Qf5 $44) 19. Nxb5 Bb8 {/\ c6 revitalizing the B.} 20.
Bxe4 (20. Be3 $2 c6) 20... Bxe4 21. Ne5 c6 22. Nc3 Bf5 23. Ba3 Ng6 (23... Bd6
24. Bxd6 Qxd6 25. Qb3) 24. Nxg6 Rxg6 25. Qh5 Qf6 26. Re7 (26. Re8+ Kh7 $17)
26... Ba7 $15) 18... c6 {[#]} 19. g4 $4 {[%mdl 8192] This is a terrible
blunder.} (19. Ne5 {was the normal continuation, although even here Black's
chances are preferable.} Qd6 20. Nc2 Ng6 (20... Raf8 $15 {is the simple way.})
21. f3 Ng3 $1 {Black's main target is on the >>.} (21... Nc3 {The << is the
wrong direction for the N.} 22. Qd2 Bxd3 23. Nxd3 $1 (23. Qxd3 Nb5) 23... Bb8
24. Ne5 $1 (24. Qxc3 Qh2+ 25. Kf1 (25. Kf2 Nh4 26. Ke2 {- 25.Kf1}) 25... Nh4
26. Ke2 Qxg2+ 27. Kd1 (27. Bf2 Bg3 $19) (27. Nf2 Rxf3 $17) 27... Nxf3 28. Re2
Qxh3 $44) 24... Nb5 (24... Nxe5 $2 25. dxe5 Qxe5 26. f4 $18) 25. Bf2 $13) 22.
Bf2 (22. Qd2 Raf8 $15) 22... Nf4 23. Bxf5 (23. Bxg3 Nxd3 $15) 23... Nxf5 $15)
19... Nc3 $1 $19 {Perhaps White hasn't seen this intermediate move? Now the
game is over.} 20. Qc2 Bxd3 21. Qxc3 (21. Qxd3 Rxf3 22. Kg2 (22. Qxc3 Rxh3 $19)
22... Nf5 23. Kxf3 Nh4+ 24. Kg3 Ne4+ 25. Kh2 Qd6+ 26. f4 (26. Kh1 Rf8 $1 (26...
Nf3 27. Kg2) 27. f4 Qxf4 $19) 26... Nf3+ 27. Kh1 Nxe1 28. Rxe1 Qxb4 $19) 21...
Rxf3 22. Qxd3 Qd6 0-1

[Event "Najdorf Memorial Great fin"]
[Site "Buenos Aires"]
[Date "2000.09.15"]
[Round "4.1"]
[White "Rodriguez Vila, Andres"]
[Black "Flores, Diego"]
[Result "1-0"]
[WhiteElo "2493"]
[BlackElo "2358"]
[Annotator "Lukacs,P"]
[PlyCount "73"]
[EventDate "2000.09.09"]
[EventType "k.o."]
[EventRounds "4"]
[EventCountry "ARG"]
[SourceTitle "CBM 079"]
[Source "ChessBase"]
[SourceDate "2000.11.21"]
[SourceVersion "1"]
[SourceVersionDate "2000.11.21"]
[SourceQuality "1"]

1. e4 e5 2. Nf3 Nc6 3. Bc4 Bc5 4. c3 Nf6 5. d3 d6 6. Nbd2 a6 7. Bb3 O-O (7...
Ba7) 8. h3 {White is waiting with castles intending Nf1 and perhaps g4 and
then Ng3 remaining with his K in the [+].} Ba7 9. Nf1 d5 {It seems to be
logical to react on White's >> intentions in the [+].} (9... Nh5 {Bauer-De
Vreugt, Wijk aan Zee B 1999 CBM 69}) (9... Be6) (9... h6 $6 10. g4 $1 d5 11. g5
$1 {Rodriguez-Szmetan, Najdorf final KO 2000 CBM 79}) 10. Qe2 (10. Ng3 {
allows Black to swap queens.} dxe4 11. dxe4 Qxd1+ 12. Bxd1 h6 13. O-O Be6 14.
b3 Rfd8 15. Bc2 a5 16. Bb2 a4 17. Rad1 Rxd1 18. Rxd1 Bb6 $11 {with a very
comfortable position for Black, V.Atlas-Z.Almasi, AUT-chT Austria 1997.}) (10.
exd5 {gives up the tension in the [+] and opens the position when White has
not finished his development yet.} Nxd5 11. Ng3 Be6 12. O-O f6 13. Qe2 Re8 14.
Qe4 Qd7 15. Bd2 Rad8 16. Rad1 Qf7 $13 {and Black has a strong [+],
Kofidis-Stefansson, Athens op 1993.}) 10... Re8 (10... Qd6 {looks a bit
strange.} 11. Ng3 d4 {Black is gaining space in the [+], but the a2-g8 /^ is
opened.} (11... Be6 12. Ng5 Ne7 {Black is ignoring the loss of his important B.
} 13. O-O Ng6 14. Nh5 Nd7 15. Nxe6 fxe6 {Now Black's P structure is a bit
corrupted.} 16. Be3 Nf6 17. Nxf6+ Rxf6 18. Bxa7 Rxa7 19. g3 c6 20. d4 $1 Rf7
21. Rae1 $14 {Macieja-Acs, Budapest FS02 GM 1996}) 12. O-O Be6 13. Nh4 Ne7 14.
Bg5 Ne8 15. cxd4 Bxd4 16. Bxe7 Qxe7 17. Nhf5 Qd7 18. Bxe6 fxe6 19. Nxd4 Qxd4 {
The weakness of d3 compensates the doubled pawns.} 20. Qc2 Rd8 21. Qb3 Qb6 22.
Qxb6 cxb6 23. Rfd1 Rf7 24. Kf1 Rfd7 $11 {Macieja-I.Sokolov, Elista ol (Men)
1998}) (10... dxe4 {is the simple way.} 11. dxe4 Be6 {Black is not frightened
from the doubled pawns, because they control also the central squares.} (11...
Qe7 {preparing for Be6.} 12. Ne3 Be6 13. Bc2 Rad8 14. Ng5 Bc8 {This B is
important!} 15. O-O h6 16. Nf3 Be6 17. Nh2 Rfe8 18. Qf3 Qf8 19. Nf5 Nh7 20. h4
Ne7 21. h5 Nxf5 22. exf5 Bd5 23. Qg3 Kh8 24. Ng4 f6 25. Ne3 Bf7 $11 {
Komliakov-Frolov, Seversk 1997}) (11... h6 12. Be3 Bxe3 13. Nxe3 Qe7 $11) (
11... Nh5 $5 {is an aggressive approach to grab the |^.} 12. g3 (12. N1h2 Nf4)
(12. Bg5 Qd6 {/\ Qg6} 13. Rd1 Qg6 14. g3 Nf6 {The N has done his job already
provoking g3.} 15. Bc2 Be6 16. b3 Rfd8 $13 {Berzinsh-Paldanius, Tampere op 1999
}) 12... Nf6 13. g4 Nd7 14. Ne3 Nc5 15. Bc2 Ne6 16. Nd5 Re8 17. Be3 Bxe3 18.
fxe3 Nb8 $1 19. Nxe5 c6 $1 (19... Nc5 {(Komliakov-Nikolenko, Moscow 1990)} 20.
O-O-O $1 Rxe5 21. Nb6 Bd7 22. Nxa8 Nc6 23. b4 $1 Nxe4 24. Rhf1 $16) 20. Nf4 Nc5
$44 {with troubles on the e <->.}) 12. Ng3 Qc8 (12... Qd7 13. Bg5 Ne8 (13...
Bxb3 $6 {is met by the intermediate move} 14. Bxf6 $1 gxf6 15. axb3 {>< f5} Qe6
16. Nf5 {The N is excellent on f5.} Kh8 17. b4 Rg8 {(Stepovaia
Dianchenko-Stjazhkina, RUS-ch (Women) 2000)} 18. O-O $14) 14. Rd1 (14. Bxe6
Qxe6 15. O-O f6) 14... Nd6 $11 {and the N covers important squares from here.})
13. O-O (13. Bg5 Ne8 14. Bd5 f6 15. Be3 Bxe3 16. Qxe3 Nd6 $13) 13... Ne8 14.
Bc2 Nd6 15. b3 f6 16. Kh2 Ne7 17. Nh4 g5 $6 {This looks a bit risky.} (17...
Rd8 $5) 18. Nhf5 Nexf5 19. exf5 Bf7 20. Ba3 $14 {Mamedov-Filippov, Wch U12
Cannes 1997}) (10... h6 {creates only a target for White.} 11. g4 dxe4 12. dxe4
Be6 13. Ng3 $6 (13. g5 $5 {is the main idea here.}) 13... Nd7 {
(Rossi-Bykhovsky, Reggio Emilia 1981)} {and still} 14. g5 $1 {was required.})
11. g4 {This is the risky, but consequent continuation.} (11. Bg5 dxe4 12. dxe4
Be6 13. Ng3 h6 14. Rd1 Qe7 15. Bc1 Rad8 16. O-O Rxd1 17. Rxd1 Rd8 $11 {with
simplification for the equalization, Nevednichy-Mannion, Moscow ol (Men) 1994.}
) (11. Ng3 h6 12. O-O Be6 {- Gelfand-Adams, Candidate's FIDE m1 Wijk aan Zee
1994 CBM 39}) 11... Be6 12. Bg5 (12. Ng3 Na5 $1) 12... dxe4 13. dxe4 Bxb3 14.
axb3 Qd6 15. Ng3 Nd7 16. Rd1 (16. Nf5 Qe6) 16... Qe6 17. Nf5 Nf8 (17... f6 {
was also quite playable:} 18. Be3 (18. Bd2 Rad8 (18... Qxb3 $2 19. Bh6 $1))
18... Bxe3 19. Nxe3 Ne7 $11) 18. b4 Ng6 19. O-O f6 20. Bc1 Nf4 $5 (20... Red8
$11 {was good and simple}) 21. Bxf4 exf4 22. Qd2 g6 (22... Qxe4 $2 {allows the
penetration after} 23. Qd7 Ne7 (23... Re7 24. Nxe7+ Nxe7 25. Nh4) 24. Rde1 Be3
25. Nd2 Qc2 26. Nxe7+ Rxe7 27. Qxe7 Bxd2 28. Re4 $18) (22... Rad8 {leads to
transposition after} 23. Qxf4 g6 (23... Rxd1 $2 24. Rxd1 Qxe4 25. Qxc7 $18) 24.
Nh6+ Kg7 {- 22..g6 23.Nh6 Kg7 24.Qf4 Rad8!}) 23. Nh6+ Kg7 24. Qxf4 Ne5 $2 {
This is the big mistake!} ({There was nothing wrong with} 24... Rad8 $1 25. g5
(25. Rxd8 Rxd8) 25... fxg5 26. Nxg5 Qe7 27. Ng4 h5 28. Ne3 Ne5 $44 {/\ Qg5})
25. Nxe5 fxe5 26. Qg5 $18 {Here White is a P up without any counterplay.} Rf8
27. Kg2 (27. Rd2 $1) 27... Rf4 28. f3 Re8 29. Rd3 Kh8 30. Rfd1 Qb6 (30... Ref8
$2 31. Rd8 $1 Rxf3 32. Nf5 $1 Rf2+ 33. Kg3 R2xf5 34. gxf5 $18) 31. Qh4 g5 $2 (
31... Ref8 32. Kh1 $16 (32. Rd7 $2 g5 $1 $19)) 32. Qh5 Qf2+ 33. Kh1 Ref8 34.
Qxg5 Qg3 (34... Rxf3 35. Qxe5+ $18) 35. Qxe5+ R8f6 36. Rd8+ Kg7 37. Rg8+ 1-0

[Event "Drammen Smartfish Masters"]
[Site "Drammen"]
[Date "2004.12.27"]
[Round "1"]
[White "Macieja, Bartlomiej"]
[Black "Stefanova, Antoaneta"]
[Result "1-0"]
[WhiteElo "2613"]
[BlackElo "2523"]
[Annotator "Lukacs,P"]
[PlyCount "59"]
[EventDate "2004.12.27"]
[EventType "tourn"]
[EventRounds "9"]
[EventCountry "NOR"]
[EventCategory "14"]
[SourceTitle "CBM 105"]
[Source "ChessBase"]
[SourceDate "2005.04.11"]
[SourceVersion "1"]
[SourceVersionDate "2005.04.11"]
[SourceQuality "1"]

1. e4 e5 2. Nf3 Nc6 3. Bc4 Bc5 4. c3 Nf6 5. d3 a6 6. h3 Ba7 7. Bb3 d6 8. Nbd2
Ne7 {/\ Ng6 improving the N's position.} (8... O-O {is the main line.}) 9. Nf1
Ng6 10. Ng3 O-O 11. O-O h6 {The position is almost symmetrical, the question
is who grabs the |^ in the [+].} (11... Be6 12. Bc2 c6 13. Re1 Re8 14. d4 h6 {
- 11...h6}) 12. Re1 Be6 (12... c6 13. d4 Qc7 14. Be3 Re8 $5 (14... b5 {is not
the best plan.} 15. Qd2 $14 {Gipslis-Ruderfer, SU 1979})) (12... Re8 13. d4 Be6
{- 12...Be6}) 13. d4 Re8 14. Be3 (14. Nf5 $6 {is premature because of} exd4 15.
cxd4 d5 $15) (14. Bc2 {White wants to avoid the exchanges.} Nh7 $5 (14... c6
15. Be3 Qc7 16. Qd2 (16. Qc1 {looks less active.} Rad8 (16... Kh7 17. Nf5 Ng8 {
defending >< h6} (17... exd4 18. N3xd4 $14) 18. Qd1 Nf6 {repeating moves looks
better.} (18... f6 $2 {is a serious weakening of the position.} 19. Nh2 (19. d5
$5) 19... N6e7 20. Ng4 $40 {Rabiega-Kosten, Germany 2001})) 17. b3 Bc8 $1 {
attacking >< e4.} 18. c4 exd4 19. Bxd4 Bxd4 20. Nxd4 d5 $1 {This freeing move
is also well-known in the Ruy Lopez.} 21. cxd5 {1/2:1/2 Wolff-I.Sokolov, Wijk
aan Zee 1993}) 16... Rad8 17. Nf5 $1 {keeping an eye on >< h6.} (17. Rad1 d5 $1
{This is the clear-cut solution.} (17... Bb8 18. Qc1 b5 19. b3 {immediately
looks more to the point.} (19. Bb1 Ba7 20. b3 Bb6 $13 {Gipslis-Unzicker,
Daugavpils 1990})) 18. Nxe5 (18. Qc1 dxe4 19. Nxe5 Nxe5 20. dxe5 Bxe3 21. Qxe3
Rxd1 22. Bxd1 Qxe5 $15 {Zuriel-Sorin, Villa Ballester 2001}) 18... Nxe5 19. Bf4
Bxh3 20. Bxe5 Rxe5 21. dxe5 Qxe5 22. Nf1 Bg4 $44 {Kudrin-Kosten, London 1988})
17... Bxf5 (17... d5 $6 {allows the devastating sacrifice} 18. Bxh6 $1 Nxe4 (
18... gxh6 $2 19. Qxh6 Bxf5 20. exf5 $18) (18... dxe4 19. Nxg7 exf3 20. Nxe8
Rxe8 (20... Nxe8 21. Bxg6 fxg6 22. Qg5 Bf7 23. Rxe5 $16) 21. Rxe5 Nh7 (21...
Bb8 22. Rae1 $16) 22. Bxg6 fxg6 23. Rae1 Qf7 24. Qe3 $16) 19. Bxe4 dxe4 20.
Nxg7 exf3 21. Nh5 $1 $16 {De la Paz-Rod.Perez, Cuba 1993} (21. Qg5 {is not so
clear.} Qe7 22. Nxe6 Qxe6 $1 (22... Qxg5 23. Nxg5 $14 {A.Rodriguez-Sorin, Pico
City 1996}) 23. Rxe5 Qd6 24. Rae1 Rxe5 25. dxe5 Qe7 $15)) 18. exf5 exd4 19.
Nxd4 $1 (19. cxd4 Nf8 20. Bxh6 gxh6 21. Qxh6 N8h7 {with rich defensive
resources for Black.} 22. Ng5 Bxd4 23. Red1 c5 24. Rd3 Nxg5 25. Qxg5+ Kf8 $11)
19... Nf8 20. Bf4 $14 {Nogueiras}) 15. Nf5 Ng5 16. Nxg5 hxg5 17. dxe5 Nxe5 $13
(17... dxe5 $6 {simply loses the P after} 18. Qxd8 Raxd8 19. Bxg5 f6 20. Be3
$16 {A.Rodriguez-Benares de sa Leitao, Sao Paulo 2004})) (14. Bxe6 fxe6 15.
dxe5 dxe5 (15... Nxe5 16. Nxe5 (16. Be3 {gives nothing after} Bxe3 17. Rxe3 Nc4
18. Re2 Nd7 $11 {Belikov-Smagin, St Petersburg 1993}) 16... dxe5 17. Be3 $14 {
with a slight edge due to Black's doubled pawns.}) 16. Be3 Bxe3 17. Rxe3 Qxd1+
18. Rxd1 {The _|_ is again a bit better for White, although the doubled pawns
are not easy targets!} Red8 19. Red3 $14 {Miljanic-Lazic, Herceg Novi 2001})
14... Qc8 15. Bc2 (15. Bxe6 fxe6 16. dxe5 dxe5 17. Bxa7 Rxa7 18. Qb3 $14 {
leads to the same structure again.} (18. Nh2 Nf4 19. Ng4 Nxg4 20. Qxg4 Rf8 21.
Nh5 $14 {Najer-Azarov, playchess.com INT 2004})) 15... c5 (15... Bd7 {looks
rather slow.} 16. Qd2 Kh7 17. Rad1 Bc6 18. c4 exd4 19. Bxh6 $5 (19. Bxd4 Bxd4
20. Nxd4 Qd7 $14 {gives White a strong central pressure.}) 19... d3 $1 (19...
gxh6 {allows White to continue the -> by the forceful} 20. Nf5 Ng8 21. Ng5+ $1
Kh8 22. Nxf7+ Kh7 23. e5 $1 $40 {Vorobiov-Cvek, Pardubice 2002}) 20. Bxg7 $1
Kxg7 21. Bxd3 $1 (21. Nf5+ Kg8 22. Qh6 Bxf2+ 23. Kxf2 Nxe4+ 24. Rxe4 Qxf5 25.
Rxe8+ Rxe8 26. Bxd3 Qf4) 21... Rh8 (21... Kg8 22. Qh6 Re6 23. e5 $1 dxe5 24.
Bxg6 Bxf3 25. gxf3 fxg6 26. Qxg6+ Kh8 27. Rxe5 $40) 22. e5 $40) 16. Qd2 ({
The standard} 16. Nf5 $5 {deserved attention again.}) 16... b5 $6 {Black wants
to bulid up a "spanish" P formation.} (16... cxd4 17. cxd4 exd4 18. Nxd4 (18.
Bxd4 Ne5 $1 $13) 18... Ne5 {was the lesser evil.} 19. Nxe6 $14) 17. Nf5 Bxf5 $2
({Still} 17... exd4 {was required.} 18. cxd4 Bxf5 19. exf5 Ne7 20. Bf4 (20.
Bxh6 $6 gxh6 21. Qxh6 Ned5 22. Qg5+ $11) 20... Qc6 21. a4 $36) 18. exf5 Ne7 {
[#]} ({In case of} 18... Nf8 19. Bxh6 $1 {crashes through.} gxh6 20. Qxh6 N8h7
(20... N8d7 21. Re4 $1) 21. Ng5 $1 $18) 19. Bxh6 $1 {Now White has an
irresistable ->.} Nxf5 (19... gxh6 20. Qxh6 Ned5 21. Re4 $1 Nxe4 22. Bxe4 $18 {
and White will soon mate.}) 20. Bg5 ({Or first} 20. dxe5 dxe5 {and then} 21.
Bg5) 20... Nh7 (20... cxd4 21. Bxf6 gxf6 22. Qd3 $18) 21. dxe5 dxe5 22. Nxe5
$18 Nxg5 23. Qxg5 Nh6 24. Be4 Rb8 25. Bd5 Rb6 26. Nxf7 $1 Nxf7 27. Re7 Rxe7 28.
Qxe7 Qf5 29. Qxa7 Kh7 30. Qa8 1-0